| 000 | 01823cam a2200361 i 4500 | ||
|---|---|---|---|
| 001 | 3979 | ||
| 003 | FISKH | ||
| 005 | 20250825135725.0 | ||
| 008 | 130716s2013 enka j 000 0 eng | ||
| 010 |
_a 2012538304 _z 2012540900 |
||
| 020 | _a9780194646840 (paperback) | ||
| 040 |
_aDLC _beng _erda _cDLC |
||
| 042 | _apcc | ||
| 050 | 0 | 0 |
_aQL759 _b.K43 2013 |
| 082 | 0 | 0 |
_a591.47/2 _223 |
| 100 | 1 | _aKhanduri, Kamini, | |
| 245 | 1 | 0 |
_aCamouflage / _cKamini Khanduri. |
| 260 |
_aOxford : _bOxford University, _c2013. |
||
| 300 |
_a40 pages : _bcolor illustrations ; _c21 cm. |
||
| 336 |
_atext _btxt _2rdacontent |
||
| 337 |
_aunmediated _bn _2rdamedia |
||
| 338 |
_avolume _bnc _2rdacarrier |
||
| 490 | 0 | _aOxford read and discover. Level 2 | |
| 505 | _aG | ||
| 520 | _aThis exciting new series of non-fiction readers provides interesting and educational content, with activities and project work. The readers are graded at four levels, from 3 to 6, suitable for students from age 8 and older. They can support Content and Language Integrated Learning (CLIL), andcover a broad range of topics, within three curriculum areas:The World of Science and TechnologyThe Natural WorldThe World of Arts and Social StudiesAlso available for each reader:* Activity Book* Audio CD Pack (Reader and Audio CD)* Teacher's Notes and CLIL guidance at www.oup.com/elt/readanddiscoverThe Activity Book includes 16 pages of chapter-linked activities followed by after-reading whole book activities and a book review; focus on content, vocabulary, and grammar. | ||
| 521 | 8 |
_a410
_bLexile |
|
| 521 | 8 |
_aG _bRaz-Plus |
|
| 650 | 0 |
_aCamouflage (Biology) _vJuvenile literature. |
|
| 650 | 0 |
_aAnimal defenses _vJuvenile literature. |
|
| 906 |
_a7 _bcbc _corigres _d2 _encip _f20 _gy-gencatlg |
||
| 942 |
_2ddc _cBK _n0 |
||
| 999 |
_c3979 _d3979 |
||